Информационная открытость современного общества и устойчивое развитие: к постановке проблемы; Информационные технологии в науке, управлении, социальной сфере и медицине

Bibliografiske detaljer
Parent link:Информационные технологии в науке, управлении, социальной сфере и медицине.— 2015.— [С. 529-531]
Hovedforfatter: Латыговская Т. П. Татьяна Петровна
Institution som forfatter: Национальный исследовательский Томский политехнический университет (ТПУ) Институт социально-гуманитарных технологий (ИСГТ) Кафедра философии (ФИЛ)
Summary:Заглавие с титульного экрана
The problems of the formation of institutions of information transparency and approval of the paradigm of sustainable development as related parties of the social process of modern societyInformation openness, sustainable development, access to information, modern society.
Sprog:russisk
Udgivet: 2015
Serier:Информационные технологии в государственном управлении и социальной сфере
Fag:
Online adgang:http://earchive.tpu.ru/handle/11683/17224
http://www.lib.tpu.ru/fulltext/c/2015/C24/229.pdf
Format: Electronisk Book Chapter
KOHA link:https://koha.lib.tpu.ru/cgi-bin/koha/opac-detail.pl?biblionumber=613991

MARC

LEADER 00000naa2a2200000 4500
001 613991
005 20260526142114.0
035 |a (RuTPU)RU\TPU\conf\12149 
035 |a RU\TPU\conf\12148 
090 |a 613991 
100 |a 20150904d2015 k y0rusy50 ca 
101 0 |a rus 
102 |a RU 
135 |a drcn ---uucaa 
181 0 |a i  
182 0 |a b 
200 1 |a Информационная открытость современного общества и устойчивое развитие: к постановке проблемы  |d Information disclosure of modern society and sustainable development: on the problem  |f Т. П. Латыговская 
203 |a Текст  |c электронный 
225 1 |a Информационные технологии в государственном управлении и социальной сфере 
300 |a Заглавие с титульного экрана 
320 |a [Библиогр.: с. 531 (6 назв.)] 
330 |a The problems of the formation of institutions of information transparency and approval of the paradigm of sustainable development as related parties of the social process of modern societyInformation openness, sustainable development, access to information, modern society. 
337 |a Adobe Reader 
463 1 |0 (RuTPU)RU\TPU\conf\11725  |t Информационные технологии в науке, управлении, социальной сфере и медицине  |o сборник научных трудов II Международной конференции, 19-22 мая 2015 г., Томск  |f Национальный исследовательский Томский политехнический университет (ТПУ) ; ред. кол. О. Г. Берестнева [и др.]  |v [С. 529-531]  |d 2015 
510 1 |a Information disclosure of modern society and sustainable development: on the problem  |z eng 
610 1 |a труды учёных ТПУ 
610 1 |a электронный ресурс 
610 1 |a информационные технологии 
610 1 |a деловая этика 
610 1 |a современное общество 
610 1 |a устойчивое развитие 
610 1 |a социальные сети 
610 1 |a классификации 
700 1 |a Латыговская  |b Т. П.  |c философ  |c доцент Томского политехнического университета, кандидат философских наук  |f 1958-  |g Татьяна Петровна  |3 (RuTPU)RU\TPU\pers\24672  |9 10935 
712 0 2 |a Национальный исследовательский Томский политехнический университет (ТПУ)  |b Институт социально-гуманитарных технологий (ИСГТ)  |b Кафедра философии (ФИЛ)  |3 (RuTPU)RU\TPU\col\18928 
801 2 |a RU  |b 63413507  |c 20210129  |g RCR 
856 4 |u http://earchive.tpu.ru/handle/11683/17224 
856 4 |u http://www.lib.tpu.ru/fulltext/c/2015/C24/229.pdf 
942 |c BK